000 00621nam a22002057a 4500
005 20251108175010.0
008 250721s2011 xx 000 0 ara d
082 1 4 _a345.02/شوش
100 1 _aشوشاري، صلاح الدين
_eمؤلف
245 1 0 _aجرائم الشيك في قانون العقوبات /
264 1 _aعمان :
_bالمؤلف،
_c2011.
300 _a240ص.
650 1 7 _aالقانون الجنائي
650 1 7 _aالشيكات بدون رصيد
650 1 7 _aالنقود
650 1 7 _aجرائم الأموال
650 1 7 _aالشيكات
942 _2ddc
_cBK
999 _c123549
_d123549